[Event "Rishon Le Ziyyon-ch U18"]
[Site "Rishon Le Ziyyon"]
[Date "2023.04.04"]
[Round "9"]
[White "Aranovski, Maximilian"]
[Black "Gurevich, Neria"]
[Result "1/2-1/2"]
[WhiteElo "1279"]
[BlackElo "1703"]
[PlyCount "65"]
[EventDate "2023.03.28"]
[EventType "swiss"]
[EventRounds "9"]
[EventCountry "ISR"]
[SourceTitle "CBM 213 Extra"]
[Source "ChessBase"]
[SourceDate "2023.05.31"]
[SourceVersion "1"]
[SourceVersionDate "2023.05.31"]
[SourceQuality "1"]

1. d4 Nf6 2. Bf4 d5 3. e3 g6 4. Nf3 Bg7 5. h3 0-0 6. Be2 b6 7. 0-0 Bb7 8. a4 a5 9. c3 Nbd7 10. Nbd2 c5 11. Nb1 Ne4 12. Na3 c4 13. Nd2 Ndf6 14. Bf3 Nxd2 15. Qxd2 Bc6 16. Nxc4 Nd7 17. Na3 e5 18. dxe5 Nxe5 19. Bxe5 Bxe5 20. Nb5 Qd7 21. Rfd1 Rad8 22. Qd3 f5 23. b3 f4 24. Nd4 Bxd4 25. Qxd4 fxe3 26. Qxe3 Qc7 27. Qe6+ Kg7 28. Qg4 Rf4 29. Qg3 Qf7 30. Qg5 Rd7 31. Re1 Rf5 32. Qe3 d4 33. cxd4 1/2-1/2